000 00287nam a22001217a 4500
008 180802b xxu||||| |||| 00| 0 eng d
082 _a813.52
245 _aFoundations of Mental Health Care
_cMosbby,E
260 _c2005
300 _a1
_fCD
440 _x0323026567R2
942 _2ddc
_cMX
999 _c46713
_d46713